Jazmine Sullivan Charting Songs (Billboard Hot 100) - Statistics

General Stats
  • This quiz has been taken 16 times
  • The average score is 4 of 6
Answer Stats
Album Weeks On Peak Artist(s) Song % Correct
Heaux Tales 1 Week #97 Jazmine Sullivan ft. H.E.R. Girl Like Me
100%
Fearless 15 Weeks #31 Jazmine Sullivan Bust Your Windows
82%
Heaux Tales 20 Weeks #75 Jazmine Sullivan Pick Up Your Feelings
73%
Fearless 20 Weeks #37 Jazmine Sullivan Need U Bad
55%
Fearless 8 Weeks #74 Jazmine Sullivan Lions, Tigers & Bears
45%
Love Me Back 12 Weeks #60 Jazmine Sullivan Holding You Down (Goin in Circles)
0%
No matching quizzes found
Score Distribution
Percent of People with Each Score
Percentile by Number Answered
Your Score History
You have not taken this quiz